| 000 | 00567cam a2200181 a 4500 | ||
|---|---|---|---|
| 020 | _a3528020040 (pbk.) | ||
| 040 | _cDLC | ||
| 082 | 0 | 0 | _a662 VIE 1984 C152 Or. |
| 100 | 1 | _aSasse, Ludwig. | |
| 245 | 1 | 0 |
_aBiogas plants : _bdesign and detail of simple biogas plants / |
| 260 |
_aBraunschweig : _bVieweg, _cc1984. |
||
| 300 |
_a85 p. : _bill. ; _c24 cm. |
||
| 500 | _a"A publication of Deutsches Zentrum für Entwicklungstechnologien--GATE." | ||
| 500 | _aIncludes index. | ||
| 650 | 0 | _aBiogas. | |
| 710 | 2 | _aGerman Appropriate Technology Exchange. | |
| 942 | _cAEDBB | ||
| 999 |
_c18784 _d18784 |
||